ARRUPE JESUIT UNIVERSITY

CORONAVIRUS -STOP THE SPREAD - CLEAN,DISINFECT,COVER

Emmanuel Lévinas / (Record no. 118038)

MARC details
000 -LEADER
fixed length control field 01362cam a2200361 a 4500
001 - CONTROL NUMBER
control field 15196446
003 - CONTROL NUMBER IDENTIFIER
control field ARRUPE
005 - DATE AND TIME OF LATEST TRANSACTION
control field 20150722020014.0
008 - FIXED-LENGTH DATA ELEMENTS--GENERAL INFORMATION
fixed length control field 080227s2009 enk b 001 0 eng
010 ## - LIBRARY OF CONGRESS CONTROL NUMBER
LC control number 2008008366
020 ## - INTERNATIONAL STANDARD BOOK NUMBER
International Standard Book Number 9780415402767 (hardback : alk. paper)
020 ## - INTERNATIONAL STANDARD BOOK NUMBER
International Standard Book Number 041540276X (hardback : alk. paper)
020 ## - INTERNATIONAL STANDARD BOOK NUMBER
International Standard Book Number 9780415402750 (pbk. : alk. paper)
020 ## - INTERNATIONAL STANDARD BOOK NUMBER
International Standard Book Number 0415402751 (pbk. : alk. paper)
020 ## - INTERNATIONAL STANDARD BOOK NUMBER
International Standard Book Number 9780203888056 (ebook)
020 ## - INTERNATIONAL STANDARD BOOK NUMBER
International Standard Book Number 0203888057 (ebook)
020 ## - INTERNATIONAL STANDARD BOOK NUMBER
International Standard Book Number 9780203091067 (ebook)
020 ## - INTERNATIONAL STANDARD BOOK NUMBER
International Standard Book Number 020309106X (ebook)
035 ## - SYSTEM CONTROL NUMBER
System control number (OCoLC)ocn213080086
040 ## - CATALOGING SOURCE
Original cataloging agency DLC
Transcribing agency DLC
Modifying agency YDX
-- BAKER
-- BTCTA
-- BWK
-- YDXCP
-- NLGGC
-- BWX
-- CDX
-- IXA
-- MBB
-- DLC
050 00 - LIBRARY OF CONGRESS CALL NUMBER
Classification number B2430.L484
Item number H36 2009
300 ## - PHYSICAL DESCRIPTION
Dimensions 20 cm.
100 1# - MAIN ENTRY--PERSONAL NAME
Personal name Hand, Seán.
9 (RLIN) 1236
245 10 - TITLE STATEMENT
Title Emmanuel Lévinas /
Statement of responsibility, etc Seán Hand.
260 ## - PUBLICATION, DISTRIBUTION, ETC. (IMPRINT)
Place of publication, distribution, etc London ;
-- New York :
Name of publisher, distributor, etc Routledge,
Date of publication, distribution, etc 2009.
300 ## - PHYSICAL DESCRIPTION
Extent xiv, 138 p. ;
440 #0 - SERIES STATEMENT/ADDED ENTRY--TITLE
Title Routledge critical thinkers
9 (RLIN) 1237
504 ## - BIBLIOGRAPHY, ETC. NOTE
Bibliography, etc Includes bibliographical references (p. [122]-133) and index.
600 10 - SUBJECT ADDED ENTRY--PERSONAL NAME
Personal name Lévinas, Emmanuel.
9 (RLIN) 1238
856 41 - ELECTRONIC LOCATION AND ACCESS
Materials specified Table of contents only
Uniform Resource Identifier <a href="http://www.loc.gov/catdir/toc/ecip0812/2008008366.html">http://www.loc.gov/catdir/toc/ecip0812/2008008366.html</a>
906 ## - LOCAL DATA ELEMENT F, LDF (RLIN)
a 7
b cbc
c orignew
d 1
e ecip
f 20
g y-gencatlg
942 ## - ADDED ENTRY ELEMENTS (KOHA)
Source of classification or shelving scheme Library of Congress Classification
Koha item type Monograph ( Printed materials)
Koha issues (borrowed), all copies 23
Holdings
Withdrawn status Lost status Source of classification or shelving scheme Damaged status Not for loan Home library Current library Shelving location Date acquired Total Checkouts Full call number Barcode Date last seen Date checked out Price effective from Koha item type
    Library of Congress Classification     ARRUPE LIBRARY ARRUPE LIBRARY Main Collection 25/09/2013 37 B2430.L484 H36 2009 46409769 24/04/2017 10/04/2017 25/09/2013 Monograph ( Printed materials)

 

Arrupe Library. PO Box MP320 Mt Pleasant, Harare, Zimbabwe
263 242 745411|librarian@aju.ac.zw